[Event "Renova FIDE GP Zug"]
[Site "Zug SUI"]
[Date "2013.04.23"]
[Round "5.6"]
[White "Topalov,V"]
[Black "Nakamura,Hi"]
[Result "1-0"]
[WhiteElo "2771"]
[BlackElo "2767"]

1.e4 e5 2.Nf3 Nc6 3.Bb5 a6 4.Ba4 Nf6 5.O-O Be7 6.d3 d6 7.c3 Bg4 8.Re1 Nd7
9.h3 Bh5 10.Be3 b5 11.Bc2 Nb6 12.Nbd2 O-O 13.Nf1 Rb8 14.Ng3 Bxf3 15.Qxf3 Bg5
16.Nf5 Bxe3 17.Nxe3 Ne7 18.d4 c5 19.dxe5 dxe5 20.h4 Qd6 21.Red1 Qe6 22.a4 Rfd8
23.axb5 axb5 24.Rxd8+ Rxd8 25.Ra6 Qc6 26.c4 b4 27.Ba4 Qb7 28.Bb5 Nbc8 29.Ng4 Nd6
30.Nxe5 Qxe4 31.Qxe4 Nxe4 32.f3 Ng3 33.Kf2 Ngf5 34.h5 f6 35.Nd7 Rc8 36.Ba4 Nd4
37.h6 f5 38.Ke3 b3 39.hxg7 Kxg7 40.Kd3 Nc2 41.Kc3 f4 42.Ra7 Kg6 43.Bxb3 Ne3
44.Nxc5 N7f5 45.Ra6+ Kh5 46.Ne6 Kh4 47.Nxf4 Kg3 48.Nd3 Kxg2 49.c5 Kxf3 50.Be6 Rd8
51.Bxf5 Nxf5 52.Rf6 Ke4 53.Re6+ Kf3 54.b4 h5 55.Ne5+ Kf4 56.Nf7 Rf8 57.Nd6 Nxd6
58.Rxd6 Rh8 59.b5 h4 60.b6 h3 61.b7 h2 62.Rd1 Ke4 63.Kc2 Rg8 64.c6 Rg2+ 65.Kc3 Rg3+
66.Kc4 Rg1 67.b8=Q h1=Q 68.Rd4+ Kf5 69.Qf4+ Kg6 70.Rd6+ Kh7 71.Qf5+ Kh8 72.Qf8+  1-0

[Event "Renova FIDE GP Zug"]
[Site "Zug SUI"]
[Date "2013.04.24"]
[Round "6.5"]
[White "Kasimdzhanov,R"]
[Black "Nakamura,Hi"]
[Result "0-1"]
[WhiteElo "2709"]
[BlackElo "2767"]

1.e4 Nc6 2.Nf3 e5 3.Bb5 Nge7 4.Nc3 d6 5.d4 a6 6.Be2 exd4 7.Nxd4 Nxd4 8.Qxd4 Nc6
9.Qe3 g6 10.Qg5 h6 11.Qg3 Be6 12.O-O Ne7 13.Be3 Bg7 14.Rad1 Qd7 15.Bd4 Bxd4
16.Rxd4 O-O-O 17.b4 Qc6 18.Rfd1 g5 19.a4 Ng6 20.Bf1 Ne5 21.Qe3 Qb6 22.a5 Qa7
23.Nd5 Kb8 24.Qc3 Rc8 25.Ne7 Rce8 26.Rxd6 cxd6 27.Rxd6 Ng4 28.Rb6 Ka8 29.Bxa6 Rxe7
30.Qxh8+ Qb8 31.Qxb8+ Kxb8 32.Be2 Nf6 33.a6 Nxe4 34.Bf3 Bd5 35.h4 f5 36.Rxh6 g4
37.Be2 Nd2 38.Bd3 f4 39.Kh2 Re1 40.Rh8+ Ka7 41.axb7 Kxb7  0-1

[Event "Renova FIDE GP Zug"]
[Site "Zug SUI"]
[Date "2013.04.25"]
[Round "7.1"]
[White "Nakamura,Hi"]
[Black "Radjabov,T"]
[Result "1/2-1/2"]
[WhiteElo "2767"]
[BlackElo "2793"]

1.e4 c5 2.Nf3 Nc6 3.d4 cxd4 4.Nxd4 Nf6 5.Nc3 e5 6.Ndb5 d6 7.Bg5 a6 8.Na3 b5
9.Nd5 Be7 10.Bxf6 Bxf6 11.c4 b4 12.Nc2 O-O 13.h4 Be6 14.g3 a5 15.b3 a4 16.Rb1 axb3
17.axb3 Bxd5 18.cxd5 Na5 19.Bh3 Qb6 20.Qd2 Rfb8 21.O-O Ra7 22.Rfc1 Rc7 23.Ne3 Rxc1+
24.Qxc1 Bd8 25.Qb2 g6 26.Bd7 Qa7 27.Bc6 Bb6 28.Ng4 Qe7 29.Qd2 h5 30.Ne3 Bc5
31.Kg2 Kg7 32.Ba4 Rc8 33.Nc2 Rb8 34.Qd3 Qc7 35.Ne1 Bd4 36.Qe2 Nb7 37.Nd3 Nc5
38.Rc1 Qa7 39.Nxc5 Bxc5 40.Rc2 Qe7 41.Bc6 Rh8 42.Ra2 g5 43.hxg5 Qxg5 44.Bd7 h4
45.Qg4 Qxg4 46.Bxg4 hxg3 47.fxg3 Rb8 48.Bd7 Rb7 49.Bg4 Ra7 50.Rxa7 Bxa7 51.Bd7 Bc5
52.Bg4 Ba7 53.Bd7 Bc5 54.Bg4 Ba7  1/2-1/2

[Event "Renova FIDE GP Zug"]
[Site "Zug SUI"]
[Date "2013.04.26"]
[Round "8.2"]
[White "Ponomariov,R"]
[Black "Nakamura,Hi"]
[Result "1/2-1/2"]
[WhiteElo "2733"]
[BlackElo "2767"]

1.e4 c5 2.Nf3 d6 3.d4 cxd4 4.Nxd4 Nf6 5.Nc3 a6 6.Be3 Ng4 7.Bc1 Nf6 8.Be3 Ng4
9.Bg5 h6 10.Bh4 g5 11.Bg3 Bg7 12.Qd2 Nc6 13.Nb3 f5 14.exf5 Bxf5 15.Bd3 Qd7
16.O-O O-O 17.f4 Bxd3 18.cxd3 gxf4 19.Bxf4 a5 20.h3 a4 21.Nxa4 Rxa4 22.hxg4 Qe6
23.Rae1 Qg6 24.a3 e5 25.Bh2 Rxf1+ 26.Rxf1 Rxg4 27.Rf3 d5 28.Qe2 h5 29.Kh1 h4
30.Bg1 Ne7 31.Nd4 Rg3 32.Nc2 Nf5 33.Bh2 Rg5 34.Rh3 Ng3+ 35.Bxg3 hxg3 36.Qe3 d4
37.Qf3 Rf5 38.Qxg3 Qxg3 39.Rxg3 Rf2 40.Nb4 Rxb2 41.Kh2 Kf7 42.Kh3 Rb3 43.Kg4 Ke6
44.Kf3 Bf6 45.Ke4 Rxa3 46.Nd5 Ra1 47.Nc7+ Kd7 48.Rg6 Rf1 49.Nd5 Ke6 50.Nc7+ Kd7
51.Nd5 Ke6 52.Nc7+ Kf7 53.Rh6 Rf4+ 54.Kd5 e4 55.dxe4 d3 56.Rh1 d2 57.Rd1 Rf2
58.Kc4 Bg5 59.Nb5 Re2 60.Kd3 Re1 61.Kc2 Bf4 62.g3 Bxg3 63.Rxd2 Rxe4 64.Nd6+ Bxd6
65.Rxd6 Ke8 66.Kb3 Re7 67.Kb4 Rd7 68.Rxd7 Kxd7 69.Kb5 Kc7 70.Kc5 b6+ 71.Kb5 Kb7
72.Kb4 Kc6 73.Kc4 b5+ 74.Kb4 Kb6 75.Kb3 Ka5 76.Ka3 b4+ 77.Kb3 Kb5 78.Kb2 Kc4
79.Kc2 b3+ 80.Kb2 Kb4 81.Kb1 Ka3 82.Ka1 b2+ 83.Kb1 Kb3  1/2-1/2

[Event "Renova FIDE GP Zug"]
[Site "Zug SUI"]
[Date "2013.04.28"]
[Round "9.5"]
[White "Nakamura,Hi"]
[Black "Morozevich,A"]
[Result "1-0"]
[WhiteElo "2767"]
[BlackElo "2758"]

1.Nf3 Nf6 2.d4 g6 3.c4 Bg7 4.Nc3 O-O 5.e4 d6 6.Be2 c5 7.d5 e6 8.O-O Re8 9.Nd2 Na6
10.Re1 Nc7 11.Rb1 exd5 12.cxd5 a6 13.a4 b5 14.axb5 axb5 15.b4 Ng4 16.Bxg4 Bxg4
17.Qxg4 Bxc3 18.bxc5 dxc5 19.Qf3 b4 20.Rd1 Nb5 21.Nc4 Bd4 22.Bd2 Nc3 23.Bxc3 bxc3
24.Rbc1 Ra4 25.Ne3 Ra6 26.Nc2 Bg7 27.Ra1 Rxa1 28.Rxa1 Qb6 29.g3 Qb2 30.Qd1 Bh6
31.f4 Rxe4 32.Ra8+ Kg7 33.d6 Rd4 34.Nxd4  1-0

[Event "Renova FIDE GP Zug"]
[Site "Zug SUI"]
[Date "2013.04.29"]
[Round "10.1"]
[White "Mamedyarov,S"]
[Black "Nakamura,Hi"]
[Result "0-1"]
[WhiteElo "2766"]
[BlackElo "2767"]

1.d4 d5 2.c4 c6 3.Nc3 dxc4 4.e3 b5 5.a4 b4 6.Nce2 Nf6 7.Nf3 Ba6 8.Ng3 c5
9.Bd2 e6 10.Rc1 Qd5 11.Ne5 cxd4 12.Nxc4 Nbd7 13.Be2 Rc8 14.Bf3 Qc5 15.b3 Be7
16.Ne2 d3 17.Nf4 O-O 18.Nxd3 Qf5 19.e4 Nxe4 20.g4 Qd5 21.Qe2 f5 22.O-O Rxc4  0-1

[Event "Renova FIDE GP Zug"]
[Site "Zug SUI"]
[Date "2013.04.30"]
[Round "11.1"]
[White "Nakamura,Hi"]
[Black "Caruana,F"]
[Result "1/2-1/2"]
[WhiteElo "2767"]
[BlackElo "2772"]

1.d4 d5 2.c4 c6 3.cxd5 cxd5 4.Bf4 Nc6 5.Nc3 Nf6 6.e3 a6 7.Bd3 Bg4 8.Nge2 e6
9.O-O Be7 10.Rc1 O-O 11.a3 Bh5 12.Na4 Nd7 13.Qb3 Ra7 14.Bg3 Bg6 15.Nf4 Na5
16.Qa2 Bxd3 17.Nxd3 Nc4 18.Nac5 b6 19.Nxd7 Qxd7 20.a4 Rc8 21.b3 Nd6 22.a5 Rxc1
23.Rxc1 Rc7 24.Rxc7 Qxc7 25.axb6 Qxb6 26.Qc2 h6 27.h3 Bf8 28.Bf4 Qb5 29.g4 Ne4
30.f3 Nf6 31.h4 h5 32.g5 Nd7 33.Bc7 g6 34.Kf2 Be7 35.Qc3 Nb8 36.Bxb8 Qxb8
37.Ne5 Qb7 38.Qc6 Qxc6 39.Nxc6 Bd6 40.e4 Kf8 41.Ne5 Ke8 42.Nd3 a5 43.exd5 exd5
44.f4 f6 45.gxf6 Kf7 46.f5 Kxf6 47.fxg6 Kxg6 48.Ke3 Kf5 49.Kf3 Bc7 50.Nc1 Bd8
51.Ne2 Bxh4 52.Nf4 Bf6 53.Nxd5 Bxd4 54.Ne7+ Kg5 55.Nc6 Bc3 56.Nxa5 Bxa5 57.b4 Bxb4  1/2-1/2

[Event "Norway Supreme Masters Blitz 2013"]
[Site "Stavanger NOR"]
[Date "2013.05.07"]
[Round "1.1"]
[White "Nakamura,Hi"]
[Black "Hammer,J"]
[Result "1-0"]
[WhiteElo "2775"]
[BlackElo "2608"]

1.c4 e5 2.a3 Nf6 3.e3 c6 4.Nf3 e4 5.Nd4 d5 6.cxd5 cxd5 7.d3 Nc6 8.Nxc6 bxc6
9.Qc2 Bd7 10.Nd2 exd3 11.Bxd3 Bd6 12.O-O O-O 13.b4 a5 14.bxa5 Rxa5 15.Bb2 h6
16.Nb3 Ra8 17.Nc5 Bc8 18.Bd4 Re8 19.Qc3 Ng4 20.h3 Nh2 21.Bxg7 Nxf1 22.Bf6 Qb6
23.Bd4 Qa5 24.Qc2 Nd2 25.Rd1 Ne4 26.Bxe4 dxe4 27.Nxe4 Rxe4 28.Qxe4 Bf5 29.Qxc6 Rd8
30.Bb6 Qa6 31.Rxd6 Rxd6 32.Qxd6 Qc4 33.Qd8+ Kh7 34.Bd4 Be6 35.Qh8+ Kg6 36.Qg7+ Kh5
37.g4+  1-0

[Event "Norway Supreme Masters Blitz 2013"]
[Site "Stavanger NOR"]
[Date "2013.05.07"]
[Round "2.5"]
[White "Nakamura,Hi"]
[Black "Karjakin,Sergey"]
[Result "0-1"]
[WhiteElo "2775"]
[BlackElo "2767"]

1.c4 c5 2.Nf3 Nc6 3.d4 cxd4 4.Nxd4 Nf6 5.Nc3 e6 6.a3 Be7 7.g3 d5 8.Bg2 O-O
9.cxd5 exd5 10.O-O Re8 11.h3 Na5 12.b3 Be6 13.Bb2 Rc8 14.e3 Bd6 15.Qd3 Qd7
16.Ncb5 Be5 17.g4 a6 18.f4 axb5 19.fxe5 Ne4 20.Nxb5 Nxb3 21.Rad1 Nbc5 22.Qe2 Ng3
23.Qf2 Qxb5 24.Bd4 Nxf1 25.Bxf1 Qa4 26.Rb1 Ne4 27.Qb2 Qc2 28.Qxc2 Rxc2 29.Rxb7 h5
30.a4 Ra2 31.gxh5 Rc8 32.Rb1 Nd2  0-1

[Event "Norway Supreme Masters Blitz 2013"]
[Site "Stavanger NOR"]
[Date "2013.05.07"]
[Round "3.2"]
[White "Svidler,P"]
[Black "Nakamura,Hi"]
[Result "1/2-1/2"]
[WhiteElo "2769"]
[BlackElo "2775"]

1.c4 g6 2.g3 Bg7 3.Bg2 f5 4.Nc3 Nf6 5.d4 O-O 6.Nf3 d6 7.O-O Qe8 8.d5 Na6
9.Nd4 Nc5 10.b3 Bd7 11.Bb2 c6 12.Rb1 a5 13.Ba3 Nfe4 14.Nxe4 Nxe4 15.Bb2 cxd5
16.cxd5 a4 17.Ne6 Bxb2 18.Rxb2 Bxe6 19.dxe6 Qb5 20.Qd4 Qc5 21.Qxc5 Nxc5 22.b4 Ne4
23.Rc1 a3 24.Rb3 b5 25.Rc7 Rfc8 26.Rxc8+ Rxc8 27.Bxe4 fxe4 28.Rxa3 Kg7 29.Ra7 Kf6
30.Rb7 Rc2 31.e3 Rxa2 32.Rxb5 Kxe6 33.Rb7 Rb2 34.g4 h5 35.gxh5 gxh5 36.Kg2 Kf6
37.b5 d5 38.b6 e5 39.Rb8 d4 40.exd4 exd4 41.b7 Kg7 42.Rd8 Rxb7 43.Rxd4 Re7  1/2-1/2

[Event "Norway Supreme Masters Blitz 2013"]
[Site "Stavanger NOR"]
[Date "2013.05.07"]
[Round "4.4"]
[White "Nakamura,Hi"]
[Black "Anand,V"]
[Result "1-0"]
[WhiteElo "2775"]
[BlackElo "2783"]

1.c4 c5 2.Nf3 Nc6 3.d4 cxd4 4.Nxd4 Nf6 5.Nc3 e6 6.a3 Bc5 7.Nb3 Be7 8.g3 b6
9.Bg2 Ba6 10.Nd2 Rc8 11.b4 Bb7 12.O-O O-O 13.Bb2 d6 14.Rc1 Qd7 15.Qa4 Rfd8
16.Rfd1 a6 17.Nde4 Nxe4 18.Nxe4 Nb8 19.Qxd7 Rxd7 20.Bd4 f5 21.Nd2 Bxg2 22.Kxg2 Rb7
23.e4 g6 24.exf5 gxf5 25.f4 Nd7 26.Re1 Kf7 27.Rc3 b5 28.Rce3 Nf8 29.cxb5 axb5
30.Nf3 Rc2+ 31.R1e2 Rxe2+ 32.Rxe2 Ng6 33.Rc2 Bf6 34.Be3 Ne7 35.h3 h5 36.Bd4 Bxd4
37.Nxd4 e5 38.fxe5 dxe5 39.Nf3 e4 40.Nd4 Kf6 41.h4 Ke5 42.Ne2 Ra7 43.Rc5+ Kd6
44.Nd4 Rd7 45.Rxb5 Rc7 46.Nxf5+ Nxf5 47.Rxf5 Rc2+ 48.Rf2 Rc3 49.Ra2 Rb3 50.a4 Rxb4
51.a5 Kc7 52.a6 Kb8 53.Ra5 Rb2+ 54.Kh3  1-0

[Event "Norway Supreme Masters Blitz 2013"]
[Site "Stavanger NOR"]
[Date "2013.05.07"]
[Round "5.2"]
[White "Radjabov,T"]
[Black "Nakamura,Hi"]
[Result "1/2-1/2"]
[WhiteElo "2745"]
[BlackElo "2775"]

1.e4 g6 2.d4 Bg7 3.Nc3 d6 4.Be3 a6 5.a4 Nf6 6.f3 c6 7.Qd2 h5 8.Bd3 a5 9.Nge2 Na6
10.O-O O-O 11.Kh1 e5 12.Bc4 Nb4 13.Bb3 Qc7 14.Bh6 Kh7 15.Bxg7 Kxg7 16.Rad1 Be6
17.Bxe6 fxe6 18.dxe5 dxe5 19.Nb1 Rad8 20.Qc3 Rxd1 21.Rxd1 Rd8 22.Rxd8 Qxd8
23.Nd2 Na2 24.Qe3 Nb4 25.Qc3 Na2 26.Qe3 Nd7 27.Kg1 Qb6 28.Qxb6 Nxb6 29.b3 Nb4
30.c3 Nd3 31.Kf1 Nd7 32.Nc4 b6 33.g3 Kf6 34.h4 Ke7 35.Kg2 Kd8 36.f4 N3c5
37.fxe5 Nxb3 38.Nf4 Nbc5 39.Nxg6 Nxe4 40.g4 b5 41.gxh5 Ke8 42.h6 Nf8 43.Nd6+ Nxd6
44.Nxf8 Nf7 45.Nxe6 bxa4 46.h7 a3 47.Nd4 a2 48.Nc2 Ke7 49.Kf2 Ke6 50.Ke2 Kxe5
51.Kd2 Ke4 52.Kc1 Kd3 53.Kb2 c5 54.h5 a4 55.Na3 a1=Q+ 56.Kxa1 Kxc3 57.Nb5+ Kd3
58.Kb2 c4 59.Ka3 c3 60.Nxc3 Kxc3 61.Kxa4 Kc4 62.Ka3 Kd5 63.Kb4 Ke5 64.Kc5 Kf6
65.Kd5 Kg7 66.Ke6 Ng5+ 67.Kf5 Kxh7 68.Kxg5 Kg7 69.h6+ Kh7 70.Kf4 Kxh6 71.Ke4  1/2-1/2

[Event "Norway Supreme Masters Blitz 2013"]
[Site "Stavanger NOR"]
[Date "2013.05.07"]
[Round "6.4"]
[White "Nakamura,Hi"]
[Black "Topalov,V"]
[Result "1-0"]
[WhiteElo "2775"]
[BlackElo "2793"]

1.c4 c6 2.e3 d6 3.b3 e5 4.Bb2 Nf6 5.d4 Nbd7 6.Nf3 e4 7.Nfd2 d5 8.f3 exf3
9.Qxf3 Nb6 10.Bd3 Bg4 11.Qf2 Bh5 12.c5 Nbd7 13.O-O Be7 14.b4 Bg6 15.Bxg6 hxg6
16.h3 Nf8 17.Nc3 Ne6 18.Nf3 O-O 19.a4 Qb8 20.b5 Bd8 21.Ba3 Bc7 22.Rab1 Bg3
23.Qc2 Qd8 24.Ne2 Bc7 25.bxc6 bxc6 26.Rb7 Ne4 27.Nc3 Ng3 28.Rfb1 Re8 29.Qf2 Re7
30.a5 Nf5 31.a6 Bg3 32.Qd2 Qa5 33.Rxe7 Nxe7 34.Nxd5 Qd8 35.Nxe7+ Qxe7 36.e4 Nc7
37.Qd3 Rd8 38.Rb7 Qe6 39.Ng5  1-0

[Event "Norway Supreme Masters Blitz 2013"]
[Site "Stavanger NOR"]
[Date "2013.05.07"]
[Round "7.4"]
[White "Carlsen,M"]
[Black "Nakamura,Hi"]
[Result "1-0"]
[WhiteElo "2868"]
[BlackElo "2775"]

1.g3 g6 2.Bg2 Bg7 3.Nf3 e5 4.O-O c5 5.c4 Nc6 6.Nc3 Nge7 7.a3 O-O 8.b4 cxb4
9.axb4 e4 10.Ng5 f5 11.b5 Ne5 12.Qb3 h6 13.d4 exd3 14.Nf3 dxe2 15.Re1 d6
16.Rxe2 Be6 17.Nxe5 dxe5 18.Bxb7 Rb8 19.Rxa7 Qd4 20.Be3 Qxc4 21.Qxc4 Bxc4
22.Rd2 Nc8 23.Ra4 Rxb7 24.Rxc4 e4 25.Nd5 Nd6 26.Ne7+ Rxe7 27.Rxd6 g5 28.Bc5 Rb7
29.Rd5 Rxb5 30.Bxf8 Rxd5 31.Bxg7 Kxg7 32.g4 fxg4 33.Rxe4 h5 34.Re6 Rf5 35.Kg2 Rf6
36.Re5 Kg6 37.Ra5 h4 38.Ra1 h3+ 39.Kg1 Rb6 40.Kf1 Rb5 41.Rc1 Kf5 42.Ra1 Rb4
43.Ra5+ Kf4 44.Ra1 Rb3 45.Ke2 Kf5 46.Kf1 Rb2 47.Ra5+ Kg6 48.Ra6+ Kh5 49.Ra1 g3
50.hxg3 Rb3 51.Kg1 Kg4 52.Kh2 Kf3 53.Ra5 Kxf2 54.Rxg5 Kf3 55.Kxh3 Rb8 56.Rf5+ Ke4
57.g4 Rh8+ 58.Kg3 Rh1 59.Ra5 Rh8 60.g5 Rh1 61.Kg4 Rh2 62.g6  1-0

[Event "Norway Supreme Masters Blitz 2013"]
[Site "Stavanger NOR"]
[Date "2013.05.07"]
[Round "8.2"]
[White "Nakamura,Hi"]
[Black "Wang Hao"]
[Result "1-0"]
[WhiteElo "2775"]
[BlackElo "2743"]

1.c4 e5 2.a3 Nf6 3.e3 c6 4.Nf3 e4 5.Nd4 d5 6.cxd5 cxd5 7.d3 Bc5 8.Nc3 O-O
9.Be2 exd3 10.Qxd3 Nc6 11.O-O Nxd4 12.exd4 Be7 13.Bf4 a6 14.Rac1 Bd7 15.Bf3 Bc6
16.Rfe1 Re8 17.Be5 Qd7 18.Re2 Ng4 19.Bf4 Bf8 20.Bg5 h6 21.Bh4 g5 22.Bg3 Bg7
23.h3 Rxe2 24.Nxe2 Nf6 25.Be5 Ne4 26.Bxg7 Kxg7 27.Bxe4 dxe4 28.Qc3 Bd5 29.g4 h5
30.Qc7 Qxc7 31.Rxc7 hxg4 32.hxg4 Be6 33.Ng3 Rd8 34.Nxe4 Rxd4 35.f3 Bxg4 36.Nxg5 Kf6
37.Ne4+ Ke5 38.Kf2 Be6 39.Ke3 Rd5 40.Rxb7 Kf5 41.Rb6 a5 42.f4 a4 43.Nc3 Rc5
44.Nxa4 Rc4 45.Rb5+ Kg4 46.Rg5+ Kh4 47.Nc3  1-0

[Event "Norway Supreme Masters Blitz 2013"]
[Site "Stavanger NOR"]
[Date "2013.05.07"]
[Round "9.5"]
[White "Aronian,L"]
[Black "Nakamura,Hi"]
[Result "0-1"]
[WhiteElo "2813"]
[BlackElo "2775"]

1.d4 Nf6 2.Nf3 e6 3.e3 g6 4.Bd3 Bg7 5.O-O O-O 6.Nbd2 d6 7.b3 Nfd7 8.Bb2 f5
9.e4 f4 10.e5 Nb6 11.Re1 Nc6 12.Ne4 d5 13.Neg5 h6 14.Nh3 Qe8 15.Ba3 g5 16.Bxf8 Bxf8
17.c3 Be7 18.g3 Qh5 19.Bf1 Bd7 20.Nd2 Qxd1 21.Raxd1 Rf8 22.f3 fxg3 23.hxg3 Be8
24.Nf2 Nb8 25.Nd3 Bg6 26.f4 N8d7 27.Re3 g4 28.Nf2 h5 29.Bd3 Kg7 30.Bxg6 Kxg6
31.Nf1 Nc8 32.Re2 Bd8 33.Ne3 Ne7 34.Rf1 c5 35.dxc5 Nxc5 36.Kg2 Bb6 37.Rd1 Nd7
38.c4 Bxe3 39.Rxe3 Nb6 40.Nd3 Nf5 41.Re2 dxc4 42.Nc5 Rc8 43.Nxe6 cxb3 44.Nd4 Nxd4
45.Rxd4 Rc2 46.f5+ Kxf5 47.Rf4+ Ke6 48.Rf6+ Kd5 49.Rd6+ Kc5 50.Rdd2 Rxd2
51.Rxd2 Nc4 52.Re2 b2 53.Re1 Nxe5  0-1

[Event "Supreme Masters 2013"]
[Site "Sandnes NOR"]
[Date "2013.05.08"]
[Round "1.3"]
[White "Nakamura,Hi"]
[Black "Wang Hao"]
[Result "1-0"]
[WhiteElo "2775"]
[BlackElo "2743"]

1.e4 e5 2.Nf3 Nf6 3.Nxe5 d6 4.Nf3 Nxe4 5.Nc3 Nxc3 6.dxc3 Be7 7.Be3 O-O 8.Qd2 b6
9.O-O-O Bb7 10.Nd4 Nc6 11.Nf5 Bf6 12.h4 Re8 13.Bg5 Ne5 14.f4 Ng4 15.Bb5 Re4
16.Ng3 Re6 17.Rde1 Rxe1+ 18.Rxe1 h6 19.Qe2 Qc8 20.Bd3 Qe6 21.Qxe6 fxe6 22.Bxf6 Nxf6
23.Rxe6 Bxg2 24.Re7 Nd5 25.Bc4 Kf8 26.Bxd5 Kxe7 27.Bxg2 Rf8 28.f5 Kf6 29.Kd2 d5
30.Ke3 Ke5 31.Bh3 Rd8 32.Ne2 c5 33.Kf3 Rd7 34.Nf4 Kf6 35.h5 a6 36.b3 Rd8
37.Ne6 Rd7 38.Kf4 a5 39.Bf1 c4 40.a4 Rd6 41.Bg2 Rd7 42.Bf3  1-0

[Event "Supreme Masters 2013"]
[Site "Sandnes NOR"]
[Date "2013.05.09"]
[Round "2.1"]
[White "Aronian,L"]
[Black "Nakamura,Hi"]
[Result "1-0"]
[WhiteElo "2813"]
[BlackElo "2775"]

1.d4 d5 2.c4 c6 3.cxd5 cxd5 4.Bf4 Nc6 5.e3 Nf6 6.Nc3 Bg4 7.Qb3 Na5 8.Qa4+ Bd7
9.Bb5 Nc6 10.Qd1 a6 11.Bd3 Bg4 12.Nge2 e6 13.O-O Be7 14.Rc1 O-O 15.Na4 Rc8
16.f3 Bh5 17.Nc5 Bxc5 18.dxc5 e5 19.Bg5 h6 20.Bxf6 Qxf6 21.Ng3 Qg5 22.Qd2 d4
23.Qe1 dxe3 24.Ne4 Qe7 25.Nd6 Rc7 26.Qxe3 Bg6 27.Bxg6 fxg6 28.Rfe1 Qe6 29.a3 g5
30.Rc4 Qd5 31.Qe4 Qxe4 32.Rcxe4 Rd8 33.R1e3 Kh7 34.Kf2 a5 35.Rc3 Ra8 36.Ke3 Ra6
37.Nc4 Ne7 38.Nb6 a4 39.Kd2 Ra5 40.Nxa4 Nd5 41.Rc2 Nf4 42.Kc1 Rc6 43.Kb1 g4
44.fxg4 Nd3 45.Re3 Nf4 46.b3 Re6 47.Kb2 Nd5 48.Re4 Nf6 49.Rec4 e4 50.Nb6 Nxg4
51.b4 Ra6 52.Re2 Nxh2 53.Rcxe4 Rg6 54.Re7 Ra7 55.a4 Nf1 56.b5 Ng3 57.Rf2 Rg5
58.c6 Rxa4 59.Nxa4 Rxb5+ 60.Kc2 bxc6 61.Nc3 Ra5 62.Rff7 Nf5 63.Ra7 Re5 64.g4 Nd4+
65.Kd2 Ne6 66.Rf5 Nd4 67.Rxe5 Nf3+ 68.Ke3 Nxe5 69.Kf4 Ng6+ 70.Ke4  1-0

[Event "Supreme Masters 2013"]
[Site "Sandnes NOR"]
[Date "2013.05.12"]
[Round "4.2"]
[White "Anand,V"]
[Black "Nakamura,Hi"]
[Result "0-1"]
[WhiteElo "2783"]
[BlackElo "2775"]

1.e4 e5 2.Nf3 Nc6 3.Bb5 a6 4.Ba4 Nf6 5.O-O b5 6.Bb3 Bc5 7.c3 d6 8.d4 Bb6
9.Be3 O-O 10.Nbd2 Re8 11.Re1 Na5 12.Bc2 c5 13.dxc5 dxc5 14.Qe2 Ng4 15.Nf1 Be6
16.Ng5 Nxe3 17.Nxe6 fxe6 18.Nxe3 c4 19.Qh5 Qc7 20.Ng4 Rf8 21.Re2 Rad8 22.Rd1 Rxd1+
23.Bxd1 Rd8 24.Bc2 b4 25.cxb4 Nc6 26.Ba4 Nxb4 27.Qxe5 Qe7 28.Qh5 Nxa2 29.g3 Nc1
30.Rc2 Nd3 31.e5 Rf8 32.Rxc4 Bxf2+ 33.Kg2 Bc5 34.Bc6 Rf5 35.Qh4 Ne1+ 36.Kh3 Qf7
37.Rxc5 Rh5 38.Bg2 Rxh4+ 39.gxh4 Qf5  0-1

[Event "Supreme Masters 2013"]
[Site "Sandnes NOR"]
[Date "2013.05.13"]
[Round "5.2"]
[White "Nakamura,Hi"]
[Black "Topalov,V"]
[Result "1/2-1/2"]
[WhiteElo "2775"]
[BlackElo "2793"]

1.e4 c5 2.Nf3 d6 3.d4 cxd4 4.Nxd4 Nf6 5.Nc3 a6 6.Be2 e6 7.Be3 Be7 8.g4 d5
9.exd5 Nxd5 10.Nxd5 Qxd5 11.Bf3 Qa5+ 12.Qd2 Qxd2+ 13.Bxd2 Nd7 14.O-O-O Ne5
15.Be2 Bd7 16.f4 Nc6 17.Nb3 O-O-O 18.Bf3 Kc7 19.a3 Na7 20.Nd4 Nb5 21.Be3 Nxd4
22.Bxd4 Bc6 23.Rhf1 f6 24.Be2 h6 25.h4 b5 26.h5 Be4 27.Rd2 Kc6 28.Rfd1 Rd7
29.Be3 Rxd2 30.Rxd2 e5 31.c4 b4 32.axb4 Bxb4 33.Rd1 Re8 34.fxe5 Rxe5 35.Bd2 Bxd2+
36.Kxd2 a5 37.Ra1 Kb6 38.Kc3  1/2-1/2

[Event "Supreme Masters 2013"]
[Site "Sandnes NOR"]
[Date "2013.05.14"]
[Round "6.2"]
[White "Nakamura,Hi"]
[Black "Svidler,P"]
[Result "1/2-1/2"]
[WhiteElo "2775"]
[BlackElo "2769"]

1.e4 e5 2.Nf3 Nc6 3.c3 d5 4.Qa4 Nf6 5.Nxe5 Bd6 6.Nxc6 bxc6 7.d3 O-O 8.Be2 Re8
9.Nd2 Bg4 10.Qd1 Bxe2 11.Qxe2 dxe4 12.dxe4 Nxe4 13.Nxe4 Qh4 14.g4 f5 15.Be3 Rxe4
16.gxf5 Qh3 17.f6 Qe6 18.fxg7 Rb8 19.b3 a5 20.Rd1 a4 21.Qf3 axb3 22.axb3 Re8
23.Rd4 Rxd4 24.cxd4 Qxb3 25.Qxc6 Rxe3+ 26.fxe3 Qxe3+ 27.Kf1 Qd3+ 28.Kf2 Qd2+
29.Kf1 Qd3+ 30.Kf2 Qd2+ 31.Kf1  1/2-1/2

[Event "Supreme Masters 2013"]
[Site "Sandnes NOR"]
[Date "2013.05.15"]
[Round "7.2"]
[White "Karjakin,Sergey"]
[Black "Nakamura,Hi"]
[Result "1-0"]
[WhiteElo "2767"]
[BlackElo "2775"]

1.e4 c5 2.Nf3 d6 3.d4 cxd4 4.Nxd4 Nf6 5.Nc3 a6 6.Bg5 Nbd7 7.Qe2 g6 8.O-O-O Bg7
9.f4 Qa5 10.g3 h6 11.Bxf6 Nxf6 12.Bg2 Bg4 13.Bf3 Bxf3 14.Qxf3 O-O 15.Rhe1 Nd7
16.Nb3 Qc7 17.Nd5 Qd8 18.h4 Rc8 19.h5 e6 20.Nc3 Bxc3 21.bxc3 Qf6 22.hxg6 fxg6
23.Rxd6 Ne5 24.Qh1 Nc4 25.e5 Qf7 26.Rd4 h5 27.Qe4 b5 28.Red1 Rc7 29.Nc5 Rxc5
30.Rd7 Rc7 31.Rxf7 Kxf7 32.g4 hxg4 33.Rh1 Kg7 34.Qg2 Rh8 35.Rxh8 Kxh8 36.Qxg4 Rh7
37.Qd1 Rf7 38.Qd4 Kg7 39.Kd1 g5 40.fxg5 Kg6 41.Qh4 Nxe5 42.Qh3 Kxg5 43.Qxe6 Rf5
44.Qxa6 Nc4 45.Ke2 Re5+ 46.Kf2 Ne3 47.Qa7 Ng4+ 48.Kf3 Rf5+ 49.Ke2 Re5+ 50.Kd2 Rd5+
51.Kc1 Kf4 52.Qf7+ Ke4 53.Qh7+ Kf4 54.Qh4 Re5 55.Kb2 Kf3 56.c4 Ne3 57.Qf6+ Ke4
58.Qc6+ Kd4 59.Qd6+  1-0

[Event "Supreme Masters 2013"]
[Site "Sandnes NOR"]
[Date "2013.05.17"]
[Round "8.1"]
[White "Nakamura,Hi"]
[Black "Radjabov,T"]
[Result "1-0"]
[WhiteElo "2775"]
[BlackElo "2745"]

1.e4 c5 2.Nf3 Nc6 3.d4 cxd4 4.Nxd4 e5 5.Nb5 d6 6.N1c3 a6 7.Na3 b5 8.Nd5 Nf6
9.c4 b4 10.Nxf6+ Qxf6 11.Nc2 Be7 12.g3 h5 13.h3 Qg6 14.Bg2 h4 15.g4 O-O 16.O-O Be6
17.Ne3 Rac8 18.b3 Rfd8 19.a3 bxa3 20.Nf5 Bg5 21.Rxa3 a5 22.Bb2 Rd7 23.Bc3 Bd8
24.Kh1 Qh7 25.f4 Bb6 26.Ra2 Bc5 27.Rd2 f6 28.Nxd6 Rb8 29.fxe5 fxe5 30.Nf5 g6
31.Nh6+ Kh8 32.Rf6 Rxd2 33.Bxd2 Qd7 34.Qe1 Kg7 35.Rf1 Rxb3 36.Bg5 Qd3 37.Nf7 Qg3
38.Qd2 Bxc4 39.Bf6+ Kf8 40.Nxe5 Qxh3+ 41.Bxh3  1-0

[Event "Supreme Masters 2013"]
[Site "Sandnes NOR"]
[Date "2013.05.18"]
[Round "9.5"]
[White "Hammer,J"]
[Black "Nakamura,Hi"]
[Result "0-1"]
[WhiteElo "2608"]
[BlackElo "2775"]

1.d4 d5 2.c4 e6 3.Nf3 c6 4.Nc3 dxc4 5.e3 b5 6.a4 Bb4 7.Bd2 a5 8.axb5 Bxc3
9.Bxc3 cxb5 10.b3 Bb7 11.bxc4 b4 12.Bb2 Nf6 13.Bd3 O-O 14.O-O Nbd7 15.Nd2 Qc7
16.f4 a4 17.Rb1 Rfd8 18.Qe2 b3 19.Ba1 Qd6 20.e4 Nc5 21.e5 Qc6 22.exf6 Nxd3
23.Qg4 g6 24.Rf3 b2 25.Qg5 bxa1=Q 26.Rxa1 Qb6 27.Rxd3 Rxd4 28.Rb1 Qd8 29.Rxb7 Rxd3
30.Nf3 a3 31.Rxf7 Qb6+ 32.c5 Qb1+ 33.Kf2 Rxf3+  0-1

[Event "Makedonia Palace GP"]
[Site "Thessaloniki GRE"]
[Date "2013.05.22"]
[Round "1.6"]
[White "Kasimdzhanov,R"]
[Black "Nakamura,Hi"]
[Result "1-0"]
[WhiteElo "2699"]
[BlackElo "2775"]

1.d4 Nf6 2.c4 c5 3.d5 g6 4.Nc3 d6 5.e4 Bg7 6.h3 O-O 7.Nf3 e6 8.Bd3 Nh5 9.O-O e5
10.Re1 Nf4 11.Bxf4 exf4 12.e5 dxe5 13.Nxe5 Nd7 14.Nf3 Bxc3 15.bxc3 Nf6 16.Qd2 Nh5
17.Re5 f5 18.Rae1 Qd6 19.Bc2 Bd7 20.Qd1 a6 21.Ba4 b5 22.Bb3 Rae8 23.cxb5 axb5
24.c4 b4 25.Rxe8 Rxe8 26.Rxe8+ Bxe8 27.Qa1 Nf6 28.Qe5 Qxe5 29.Nxe5 Nd7 30.Nd3 Kf8
31.Nxf4 Ke7 32.Nd3 Kd6 33.f4 Nf6 34.Kf2 Bd7 35.Ke3 Bc8 36.Ne5 Ke7 37.Bc2 Ne8
38.g4 Nd6 39.g5 Bd7 40.Kd2 Nc8 41.Kc1 Nb6 42.Kb2 Na4+ 43.Bxa4 Bxa4 44.a3 bxa3+
45.Kxa3 Bc2 46.Kb2 Ba4 47.Nd3 Kd6 48.Nf2 Ke7 49.Kc3 Kd6 50.h4 Ke7 51.Nd3 Kd6
52.Nb2 Be8 53.Nd1 Ba4 54.Ne3 Bd7 55.Nf1 Ba4 56.h5 Bd7 57.Ng3 Be8 58.Kd2 Ke7
59.Kc3 Kd6 60.Kd3 Ke7 61.Ke2 Ba4 62.Nf1 Bd7 63.Kf2 Ba4 64.Kg3 Bd1 65.h6 Ba4
66.Ne3 Kf7 67.d6 Bc6 68.d7 Bxd7 69.Nd5  1-0